Statistics for Europe's Largest 5-Letter Cities

Click here to take the quiz!

General Stats

  • This quiz has been taken 109 times
  • The average score is 10 of 20

Answer Stats

PopCountryCity% Correct
2.22 milFranceParis
100%
1.35 milItalyMilan
94%
1.97 milBelarusMinsk
93%
1.24 milBulgariaSofia
90%
500 kUnited KingdomLeeds
82%
887 kItalyTurin
78%
328 kSwedenMalmö
67%
584 kItalyGenoa
59%
582 kGermanyEssen
55%
1.23 milRussiaKazan
50%
335 kBulgariaVarna
34%
412 kRussiaSochi
33%
344 kBelarusBrest
30%
535 kBelarusGomel
27%
275 kFinlandEspoo
26%
449 kRussiaKursk
19%
501 kRussiaKirov
15%
273 kSpainGijón
15%
524 kRussiaPenza
13%
319 kRussiaOryol
5%

Score Distribution

Percentile by Number Answered

Percent of People with Each Score

Your Score History

You have not taken this quiz